لنتكلم الانجليزية / (Record no. 51726)
[ view plain ]
| 000 -الفاتح | |
|---|---|
| حقل البيانات ثابتة الطول | 00530nam a2200181Ia 4500 |
| 008 - عناصر البيانات ثابتة الطول - معلومات عامة | |
| حقل البيانات ثابتة الطول | 140319s9999 xx 000 0 ara d |
| 040 ## - مصدر الفهرسة | |
| وكالة الفهرسة الأصلية | GCL / |
| وكالة النسخ | GCL |
| 082 04 - رقم تصنيف ديوى العشرى | |
| رقم التصنيف | 421.52 |
| رقم المادة | ك ل |
| 100 1# - المدخل الرئيسى - إسم شخصى | |
| الإسم الشخصى | كيس ,دغ |
| 245 10 - بيان العنوان | |
| العنوان | لنتكلم الانجليزية / |
| بيان المسئوليه,etc | كيس ,دغ |
| 700 1# - المدخل الاضافى - اسم شخصى | |
| الإسم الشخصى | ميلن , وجون |
| 700 1# - المدخل الاضافى - اسم شخصى | |
| الإسم الشخصى | ماجد سرحان |
| 490 ## - بيان السلسلة | |
| عنوان السلسلة | تعليم الانكليزية بالراديو |
| رقم المجلد/ التعيين التسلسلي | 0 |
| 650 04 - المدخل الاضافى بالموضوع-مصطلح موضوعى | |
| مصطلح موضوعي | اللغة الانجليزية |
| 650 04 - المدخل الاضافى بالموضوع-مصطلح موضوعى | |
| مصطلح موضوعي | تعليم اللغات |
| 942 ## - عناصر المدخل الإضافي( كوها) | |
| مصدر التصنيف او مخطط الترفيف | Dewey Decimal Classification |
| Koha [default] item type | كتاب |
| حالة التراجع | حالة الفقد | حالة تلف | ليس للاعارة | المكان المؤقت | الموقع الحالى | تاريخ الاكتساب | اجمالي اﻻعارات | رقم الطلب | الباركود | تاريخ اخر مشاهدة | تاريخ تفعيل السعر | نوع وعاء كوها |
|---|---|---|---|---|---|---|---|---|---|---|---|---|
| مكتبة القاهرة الكبرى | مكتبة القاهرة الكبرى | 03/26/2014 | 421.52\ك ل | 123769 | 03/26/2014 | 03/26/2014 | كتاب | |||||
| مكتبة القاهرة الكبرى | مكتبة القاهرة الكبرى | 03/26/2014 | 421.52\ك ل | 123770 | 03/26/2014 | 03/26/2014 | كتاب |

